000 01061cam a2200289 a 4500
999 _c4367
_d4367
001 16274081
005 20170607122221.0
008 100609s2009 gh b 000 0 eng
010 _a 2010305405
020 _z9789988839944
040 _aDLC
_cDLC
042 _apcc
050 0 0 _aJQ3036
_b.O97 2009
100 1 _aOwusu, Maxwell.
_932238
245 1 0 _aMoney and politics :
_bthe challenge of democracy in Ghana /
_cMaxwell Owusu.
260 _aAccra :
_bInstitute for Democratic Governance,
_cc2009.
300 _avi, 54 p. ;
_c23 cm.
490 0 _aGhana speaks lecture/seminar series ;
_vno. 4, 2008
500 _a"The African Capacity Building Foundation; Joy 99.7 FM."
504 _aIncludes bibliographical references ( p. 51-54).
650 0 _aDemocracy
_zGhana.
_928930
651 0 _aGhana
_xPolitics and government.
_932239
651 0 _aGhana
_xEconomic conditions.
_923605
906 _a7
_bcbc
_corigres
_d3
_encip
_f20
_gy-gencatlg
942 _2lcc
_cMONOGRAPH